000 00673nam a2200241Ia 4500
003 OSt
005 20220926022228.0
006 a|||||r|||| 00| 0
007 ta
008 220923b |||||||| |||| 00| 0 eng d
037 _cGeneral Book
040 _aRTL
_cRTL
_beng
041 _2eng
_aeng
082 _aV1N45,93:3.N60, K/UN
110 _aUNITED NATIONS
245 0 _aGeneral assembly official records
_b 15th session.
260 _aNew York
_bUnited Nations
_c1960
300 _av,20p.
_ccm.
500 _aSupplement No. 6 C.
700 _aUNITED NATIONS
942 _hV1N45,93:3.N60, K/UN
_cGB
_2CC
999 _c638942
_d638942